书目信息 |
| 题名: |
快乐日语自学教程
|
|
| 作者: | 孙惠俊 编著 | |
| 分册: | 第2册 | |
| 出版信息: | 大连 大连理工大学出版社 2009.02 |
|
| 页数: | 302页 | |
| 开本: | 26cm | |
| 丛书名: | ||
| 单 册: | ||
| 中图分类: | H36 | |
| 科图分类: | ||
| 主题词: | 日语--Ri Yu--教材 | |
| 电子资源: | ||
| ISBN: | 978-7-5611-4993-5 | |
| 000 | 01150cam0 2200325 450 | |
| 001 | 004294055 | |
| 005 | 20110718101750.40 | |
| 010 | @a978-7-5611-4993-5@dCNY25.00 (含光盘) | |
| 010 | @a978-7-5611-5214-0@b第4册@dCNY25.00 (含光盘) | |
| 010 | @a978-7-5611-4994-2@b第1册@dCNY25.00 (含光盘) | |
| 016 | @aCN-Q08-09-0121-0@b第1册; 光盘 | |
| 016 | @aCN-Q08-09-0122-0@b第2册; 光盘 | |
| 016 | @aCN-Q08-10-0001-0@b第4册; 光盘 | |
| 100 | @a20091124d2009 ekmy0chiy50 ea | |
| 101 | 0 | @achi@ajap |
| 102 | @aCN@b210000 | |
| 105 | @ay z 000yy | |
| 106 | @ar | |
| 200 | 1 | @a快乐日语自学教程@AKuai Le Ri Yu Zi Xue Jiao Cheng@h第2册@f总主编孙惠俊编著 |
| 210 | @a大连@c大连理工大学出版社@d2009.02 | |
| 215 | @a302页@d26cm@e光盘1片 | |
| 303 | @a据第2册著录 | |
| 330 | @a本套书共4册,每册编有18篇课文。每篇课文设定一个主题,围绕主题设定会话场景,并配备介绍相关知识的专栏及图片。同时,详细讲解基本句型和语法,并提供了大量的例句和练习,供学习者使用。 | |
| 333 | @a日语学习人员 | |
| 586 | @a | |
| 606 | 0 | @a日语@ARi Yu@j教材 |
| 690 | @aH36@v5 | |
| 701 | 0 | @a孙惠俊@ASun Hui Jun@4编著 |
| 801 | 0 | @aCN@c20110610 |
| 905 | @dH36@eS922:2@f3 | |
| 快乐日语自学教程.第2册/总主编孙惠俊编著.-大连:大连理工大学出版社,2009.02 |
| 302页;26cm+光盘1片 |
| 使用对象:日语学习人员 |
| ISBN 978-7-5611-4993-5:CNY25.00 (含光盘) |
| 本套书共4册,每册编有18篇课文。每篇课文设定一个主题,围绕主题设定会话场景,并配备介绍相关知识的专栏及图片。同时,详细讲解基本句型和语法,并提供了大量的例句和练习,供学习者使用。 |
| ● |
| 相关链接 |
|
|
|
正题名:快乐日语自学教程
索取号:H36/S922:2
 
预约/预借
| 序号 | 登录号 | 条形码 | 馆藏地/架位号 | 状态 | 备注 |
| 1 | 884919 | 208849193 | 自科二线504/209语言库 99排3列1层/ [索取号:H36/S922:2] | 在馆 | |
| 2 | 884920 | 208849200 | 语言库209/209语言库 124排2列2层/ [索取号:H36/S922:2] | 在馆 | |
| 3 | 884921 | 208849219 | 自科二线504/504自科库 45排2列4层/ [索取号:H36/S922:2] | 在馆 |